| 000 | 00655nam a22002177a 4500 | ||
|---|---|---|---|
| 999 |
_c11255 _d11255 |
||
| 003 | AR-CdUCM | ||
| 008 | 190403b ||||| |||| 00| 0 spa d | ||
| 040 |
_aMUNICIPALIDAD PROVINCIAL DEL CUSCO _cBIBLIOTECA MUNICIPAL DEL CUSCO |
||
| 082 |
_aC / 869.58 / _bV39L |
||
| 100 |
_aVelarde Vargas, Hernán _918232 |
||
| 245 | _aLuna y arroyo / | ||
| 260 |
_aCusco : _bImpr. Garcilaso, _c1955. |
||
| 300 |
_a60 páginas ; _c30 cm. |
||
| 505 | _aContenido: Poesías. | ||
| 650 |
_aPoesías Peruanas _914867 |
||
| 650 |
_aSiglo XX _98 |
||
| 650 |
_aLiteratura _983 |
||
| 700 |
_aBravo Vizcarra, Juan (carátula) _928531 |
||
| 942 |
_2ddc _cLIBROS |
||
| 945 | _aachl | ||